|
|
|
|
| LEADER |
01257nam a2200313 a 4500 |
| 001 |
3615 |
| 003 |
BD-DhAAL |
| 005 |
20150607121530.0 |
| 008 |
150607s1998 cau b 001 0 eng |
| 010 |
|
|
|a 97017600
|
| 020 |
|
|
|a 0787910678 (alk. paper)
|
| 040 |
|
|
|a DLC
|c DLC
|d DLC
|d BD-DhAAL
|
| 050 |
0 |
0 |
|a LB3013
|b .T76 1998
|
| 082 |
0 |
0 |
|a 371.5/3
|2 21
|
| 100 |
1 |
|
|a Scarlett, W. George.
|9 11755
|
| 245 |
1 |
0 |
|a Trouble in the classroom :
|b managing the behavior problems of young children /
|c W. George Scarlett and associates ; foreword by Sylvia Feinburg.
|
| 250 |
|
|
|a 1st ed.
|
| 260 |
|
|
|a San Franciso :
|b Jossey-Bass Publishers,
|c c1998.
|
| 300 |
|
|
|a xxii, 199 p. ;
|c 24 cm.
|
| 490 |
|
|
|a The Jossey-Bass education series
|
| 504 |
|
|
|a Includes bibliographical references (p. 193-194) and index.
|
| 541 |
|
|
|e 3615
|
| 650 |
|
0 |
|a Classroom management.
|9 10381
|
| 650 |
|
0 |
|a Problem children
|x Behavior modification.
|9 11756
|
| 650 |
|
0 |
|a Behavior disorders in children.
|9 11757
|
| 650 |
|
0 |
|a Problem children
|x Education (Early childhood)
|9 11758
|
| 942 |
|
|
|2 ddc
|c BK
|
| 999 |
|
|
|c 34635
|d 34635
|
| 952 |
|
|
|0 0
|1 0
|2 ddc
|4 0
|6 371_530000000000000_SCA
|7 0
|9 54093
|a SCL
|b SCL
|c GEN
|d 2015-06-07
|e Gift: The Asia Foundation
|l 0
|o 371.53 SCA
|p 3020003615
|r 2015-06-07
|t 1
|w 2015-06-07
|y BK
|